God is God only, not more not less / (Record no. 60428)

MARC details
000 -LEADER
fixed length control field 01146nam a22002537a 4500
005 - DATE AND TIME OF LATEST TRANSACTION
control field 20120106111523.0
010 ## - LCCN (DPL NO)
LC control number ENG-104621 B-489190
020 ## - INTERNATIONAL STANDARD BOOK NUMBER
International Standard Book Number 9789380009231
Terms of availability 250.00
020 ## - INTERNATIONAL STANDARD BOOK NUMBER
International Standard Book Number 9380009267
Terms of availability 250.00
035 ## - SYSTEM CONTROL NUMBER
System control number EN-88154 B-489190
037 ## - SOURCE OF ACQUISITION
Source of stock number/acquisition KBD/Ven
Stock number dpl
082 ## - DEWEY DECIMAL CLASSIFICATION NUMBER
Classification number 204.4
100 ## - MAIN ENTRY--PERSONAL NAME
Personal name Venkateswar, Vijay
245 ## - TITLE STATEMENT
Title God is God only, not more not less /
Statement of responsibility, etc by Vijay Venkateswar
Medium
260 ## - PUBLICATION, DISTRIBUTION, ETC. (IMPRINT)
Place of publication, distribution, etc New Delhi
Name of publisher, distributor, etc Readworthy Publications
Date of publication, distribution, etc 2009
270 ## - ADDRESS
Address 4735/22, Prakash Deep Building. Ground Floor, Ansari Road, Darya Ganj
City New Delhi
Postal code 110002
300 ## - PHYSICAL DESCRIPTION
Extent xi,228p.
Dimensions 22cm(pbk)
650 ## - SUBJECT ADDED ENTRY--TOPICAL TERM
Topical term or geographic name as entry element God
650 ## - SUBJECT ADDED ENTRY--TOPICAL TERM
Topical term or geographic name as entry element Spiritual life
942 ## - ADDED ENTRY ELEMENTS (KOHA)
Source of classification or shelving scheme Dewey Decimal Classification
Item type English Books
Classification part 204.4
Call number suffix VEN
Holdings
Withdrawn status Lost status Not for loan Collection code Home library Current library Date acquired Source of acquisition Cost, normal purchase price Full call number Barcode Copy number Cost, replacement price Koha item type
    Not For Loan Non-fiction D.B.Act.Division D.B.Act.Division 06/01/2012 DBAD/PUB 250.00 204.4 VEN EN-88154 1 250.00 English Books
      Non-fiction Shahdara Branch Shahdara Branch 18/01/2013 KBD/BL9/27.12.2012/121/27.12.2012/08.01.2012 250.00 204.4 VEN B-489190 1 250.00 English Books

© Delhi Public Library
Hit Counter
free hit counter